| 000 | 02130nam a2200313 a 4500 | ||
|---|---|---|---|
| 001 | BRCA_3350 | ||
| 005 | 20190320204234.0 | ||
| 008 | 260309s1888----enk#---###---#000-0#eng-# | ||
| 041 | _aeng | ||
| 044 | _aenk | ||
| 084 |
_a644 _b.Q37 _c1888 |
||
| 100 | 1 |
_aCervantes Saavedra, Miguel de _d1547-1616 _9213 |
|
| 245 | 1 | 0 |
_aThe Ingenious Gentleman Don Quixote of la Mancha _cBy Miguel de Cervantes Saavedra; A New Edition done into English with Notes Original and Selected and a New Life by Henry Edward Watts. |
| 260 |
_aLondres _bBernard Quaritch _c1888 |
||
| 300 |
_a5 v. _c23 cm. |
||
| 500 | _aContenido : v.1. Vida de Cervantes por Watts. Prefacio e introducción del mismo. Apéndices: A. Genealogía de Cervantes B. Extracto de la información de Argel C. Bibliografía de ediciones del Quijote D. Libros de caballería E. Geines sobre Cervantes y Don Quijote, índice de nombres y apellidos. -- v.2. Primera parte. Dediactoria y prólogo de Cervantes. Versos preliminares. Notas. Apéndices: A. La Mancha B. Historia de Amadís C. La familia de Amadís D. El paso honroso de Suero de Quiñones. -- v.3. Primera parte. Texto. Apéndices: A. Cronología de Don Quijote B. El mito de Rolando C. El Cid. -- v.4. Segunda parte. Introducción por el traductor. Aprobación de Márquez Torres. Dedicatoria y prólogo de Cervantes. Apéndices: A. Dulcinea del Toboso B. El encantador Merlín C. Refranes españoles. -- v.5. Segunda parte. Texto. Apéndices: A. Carta de Cervantes al arzobispo de Toledo B. Índice alfabético de la obra | ||
| 500 | _aEjemplar por completo igual al anterior [643] Lúdovik Osterc | ||
| 500 | _aCon ex-libris de : Charles A. Wooley | ||
| 500 | _aQM486 | ||
| 546 | _aTexto en : inglés | ||
| 650 | 1 | 4 |
_aNovela española _yÉpoca clásica, 1500-1700 _9215 |
| 650 | 1 | 4 |
_aLiteratura española _yÉpoca clásica, 1500-1700 _9216 |
| 650 | 1 | 4 |
_aNovela española _ySiglo XVII _9217 |
| 650 | 1 | 4 |
_aDon Quijote (Personaje ficticio) _eNovela _9218 |
| 700 | 1 |
_aWatts, Henry Edward _d1826-1904 _eTraductor _98838 |
|
| 740 | 0 | _aEl Ingenioso Hidalgo Don Quijote de la Mancha | |
| 902 | _aQFM | ||
| 942 |
_2lcc _cB |
||
| 999 |
_c3086 _d3086 |
||